01745nam a2200325 a 4500001001200000003000800012006001900020007001500039008004100054010001700095020001500112040002100127035002000148050002500168245032600193260005500519300001600574500011300590504006400703533015200767650006100919650007200980650006301052650006001115655002901175700005201204700002001256710001701276856012601293ebr10055175CaPaEBRm u cr cn|||||||||930322s1993 dcu sb 001 0 eng  z 92062584  z0309047951 aCaPaEBRcCaPaEBR a(OCoLC)4495523814aHC110.I5bF88 1993eb04aThe Future of the Survey of Income and Program Participationh[electronic resource] /cConstance F. Citro and Graham Kalton, editors ; Panel to Evaluate the Survey of Income and Program Participation, Committee on National Statistics, Commission on Behavioral and Social Sciences and Education, National Research Council. aWashington, D.C. :bNational Academy Press,c1993. axii, 284 p. a"Project ... was supported by funds from the Bureau of the Census, U.S. Department of Commerce"--T.p. verso. aIncludes bibliographical references (p. 245-263) and index. aElectronic reproduction.bPalo Alto, Calif. :cebrary,d2013.nAvailable via World Wide Web.nAccess may be limited to ebrary affiliated libraries. 0aIncomezUnited StatesxStatistical servicesxEvaluation. 0aTransfer paymentszUnited StatesxStatistical servicesxEvaluation. 0aHousehold surveyszUnited StatesxMethodologyxEvaluation. 0aSocial surveyszUnited StatesxMethodologyxEvaluation. 7aElectronic books.2local1 aCitro, Constance F.q(Constance Forbes),d1942-1 aKalton, Graham.2 aebrary, Inc.40uhttp://site.ebrary.com/lib/rucke/Doc?id=10055175zAn electronic book accessible through the World Wide Web; click to view